Rues de Québec - Statistiques

Statistiques générales
  • Ce quiz a été pris 6 fois
  • Le résultat moyen est 15 sur 56
Statistiques - réponses
Hint Réponse % Correct
Cité-Universitaire Boulevard Laurier
100%
Montcalm Avenue Brown
67%
Montcalm Avenue Cartier
67%
Montcalm Avenue de Bourlamaque
67%
Saint-Jean-Baptiste Avenue de Salaberry
67%
Montcalm Avenue des Érables
67%
Saint-Sacrement Avenue Holland
67%
Saint-Jean-Baptiste Avenue Honoré-Mercier
67%
Cité-Universitaire Avenue Maguire
67%
Saint-Sacrement Avenue Marguerite-Bourgeoys
67%
Montcalm Avenue Moncton
67%
Montcalm Avenue Murray
67%
Cité-Universitaire Avenue Myrand
67%
Cité-Universitaire Avenue Painchaud
67%
Saint-Jean-Baptiste Avenue Turnbull
67%
Saint-Sacrement Rue Eymard
67%
Saint-Sacrement Rue Gérard-Morisset
67%
Montcalm Avenue Belvédère
33%
Montcalm Avenue de Bougainville
33%
Saint-Sacrement Avenue Ernest-Gagnon
33%
Saint-Sacrement Avenue Joffre
33%
Saint-Sacrement Avenue Louis-Fréchette
33%
Saint-Sacrement Avenue Madeleine-de-Verchères
33%
Saint-Sacrement Chemin Gomin
33%
Saint-Jean-Baptiste Rue de Claire-Fontaine
33%
Cité-Universitaire Rue de l'Université
33%
Cité-Universitaire Rue du Parc-Gomin
33%
Saint-Jean-Baptiste Rue Jean-Jacques-Bertrand
33%
Saint-Sacrement Avenue Calixa-Lavallée
0%
Saint-Sacrement Avenue Cardinal-Rouleau
0%
Montcalm Avenue Casot
0%
Montcalm Avenue de Bienville
0%
Saint-Sacrement Avenue de Coulonge
0%
Saint-Sacrement Avenue de la Châtellerie
0%
Montcalm Avenue de Manrèse
0%
Saint-Sacrement Avenue de Montigny
0%
Saint-Sacrement Avenue de Ploermel
0%
Montcalm Avenue des Braves
0%
Montcalm Avenue des Laurentides
0%
Saint-Sacrement Avenue des Maires-Gauthier
0%
Saint-Sacrement Avenue Dessane
0%
Cité-Universitaire Avenue du Bon-Air
0%
Saint-Sacrement Avenue du Cardinal-Bégin
0%
Montcalm Avenue du Parc
0%
Cité-Universitaire Avenue Le Normand
0%
Saint-Sacrement Avenue Rodolphe-Forget
0%
Saint-Sacrement Avenue Sir-Adolphe-Routhier
0%
Saint-Sacrement Avenue Thornhill
0%
Saint-Jean-Baptiste Rue Antonio-Barrette
0%
Saint-Jean-Baptiste Rue Berthelot
0%
Cité-Universitaire Rue Bourbonnière
0%
Saint-Jean-Baptiste Rue de la Chevrotière
0%
Saint-Jean-Baptiste Rue de l'Amérique-Française
0%
Saint-Jean-Baptiste Rue de Lorne
0%
Saint-Sacrement Rue du Père-Vimont
0%
Saint-Jean-Baptiste Rue Louis-Alexandre-Taschereau
0%
Aucun quiz correspondant
Distribution des résultats
% des personnes avec chaque résultat
Percentile par nombre de réponses
Votre historique - résultats
Vous n’avez pas pris ce quiz